| 000 | 00871nam a22002177a 4500 | ||
|---|---|---|---|
| 999 |
_c5617 _d5617 |
||
| 003 | AR-CdUCM | ||
| 008 | 190312b ||||| |||| 00| 0 spa d | ||
| 020 | _a84-7232-323-4 | ||
| 020 | _a84- 7232-324-2 | ||
| 040 |
_aMUNICIPALIDAD PROVINCIAL DEL CUSCO _cBIBLIOTECA MUNICIPAL DEL CUSCO |
||
| 082 |
_a991.4 / _bM74 |
||
| 100 |
_aMolina, Antonio M. _916799 |
||
| 245 |
_aHistoria de Filipinas / _cAntonio M. Molina |
||
| 260 |
_aMadrid : _bCultura hispánica del instituto de cooperación iberoamericana, _c1984. |
||
| 300 |
_a2 tomos ; _bilustraciones, _c24 cm. |
||
| 505 | _aContenido: Orígenes -- Iniciación -- Incorporación -- consolidación -- colonización -- La coyuntura -- colonia -- Auge -- La propaganda / | ||
| 650 |
_aHistoria de Filipinas _916800 |
||
| 650 |
_aOrigen de Filipinas _916801 |
||
| 650 |
_aExpedición a Filipinas _916802 |
||
| 942 |
_2ddc _cLIBROS |
||